<?xml version="1.0" encoding="UTF-8"?>
<record
    xmlns:xsi="http://www.w3.org/2001/XMLSchema-instance"
    xsi:schemaLocation="http://www.loc.gov/MARC21/slim http://www.loc.gov/standards/marcxml/schema/MARC21slim.xsd"
    xmlns="http://www.loc.gov/MARC21/slim">

  <leader>00415    a2200145   4500</leader>
  <datafield tag="020" ind1=" " ind2=" ">
    <subfield code="a">978-989-761-629-7</subfield>
  </datafield>
  <datafield tag="040" ind1=" " ind2=" ">
    <subfield code="a">ISPLB</subfield>
  </datafield>
  <datafield tag="082" ind1=" " ind2=" ">
    <subfield code="b">656.615</subfield>
  </datafield>
  <datafield tag="100" ind1=" " ind2=" ">
    <subfield code="9">1002</subfield>
    <subfield code="a">CORREIA,Mario, Gerson ,Felix;GUNZA ,Delcio ,Dorivaldo ,Domingos</subfield>
  </datafield>
  <datafield tag="245" ind1=" " ind2=" ">
    <subfield code="a">Colectanea de Legisla&#x227;o Portuaria e Conexa de Angola vol I</subfield>
  </datafield>
  <datafield tag="260" ind1=" " ind2=" ">
    <subfield code="a">Luanda.</subfield>
    <subfield code="b">Mayamba Editora ,</subfield>
    <subfield code="c">2025.</subfield>
  </datafield>
  <datafield tag="300" ind1=" " ind2=" ">
    <subfield code="a">688p</subfield>
  </datafield>
  <datafield tag="650" ind1=" " ind2=" ">
    <subfield code="a">Direito </subfield>
  </datafield>
  <datafield tag="942" ind1=" " ind2=" ">
    <subfield code="c">Livros</subfield>
  </datafield>
  <datafield tag="999" ind1=" " ind2=" ">
    <subfield code="c">2176</subfield>
    <subfield code="d">2176</subfield>
  </datafield>
  <datafield tag="952" ind1=" " ind2=" ">
    <subfield code="0">0</subfield>
    <subfield code="1">0</subfield>
    <subfield code="2">ddc</subfield>
    <subfield code="4">0</subfield>
    <subfield code="7">0</subfield>
    <subfield code="a">ISPLB</subfield>
    <subfield code="b">ISPLB</subfield>
    <subfield code="d">2026-03-19</subfield>
    <subfield code="i">12(3)</subfield>
    <subfield code="l">0</subfield>
    <subfield code="o">34.656.615</subfield>
    <subfield code="p">2026-0062</subfield>
    <subfield code="r">2026-03-19</subfield>
    <subfield code="w">2026-03-19</subfield>
    <subfield code="y">Livros</subfield>
  </datafield>
  <datafield tag="952" ind1=" " ind2=" ">
    <subfield code="0">0</subfield>
    <subfield code="1">0</subfield>
    <subfield code="2">ddc</subfield>
    <subfield code="4">0</subfield>
    <subfield code="7">0</subfield>
    <subfield code="a">ISPLB</subfield>
    <subfield code="b">ISPLB</subfield>
    <subfield code="d">2026-03-19</subfield>
    <subfield code="i">12(3)</subfield>
    <subfield code="l">0</subfield>
    <subfield code="o">34.656.615</subfield>
    <subfield code="p">2026-0063</subfield>
    <subfield code="r">2026-03-19</subfield>
    <subfield code="w">2026-03-19</subfield>
    <subfield code="y">Livros</subfield>
  </datafield>
  <datafield tag="952" ind1=" " ind2=" ">
    <subfield code="0">0</subfield>
    <subfield code="1">0</subfield>
    <subfield code="2">ddc</subfield>
    <subfield code="4">0</subfield>
    <subfield code="7">0</subfield>
    <subfield code="a">ISPLB</subfield>
    <subfield code="b">ISPLB</subfield>
    <subfield code="d">2026-03-19</subfield>
    <subfield code="i">12(3)</subfield>
    <subfield code="l">0</subfield>
    <subfield code="o">34.656.615</subfield>
    <subfield code="p">2026-0064</subfield>
    <subfield code="r">2026-03-19</subfield>
    <subfield code="w">2026-03-19</subfield>
    <subfield code="y">Livros</subfield>
  </datafield>
</record>
